Регионална библиотека "Любен Каравелов" - Русе

Кривата на щастието (Запис номер 165902)

MARC детайли
000 -Лидер
Контролно поле с фиксирана дължина 01179nam a2200349 a 4500
003 - Код на организацията, давaща контролен номер
Контролно поле BLK
005 - Дата и час на последна редакция
Контролно поле 20250722104118.0
008 - Елементи от данни с фиксирана дължина
fixed length control field 180410b bul|||||r ||||||| ||bul||
010 ## - Наследен системен номер
LC control number KNG00173550000
020 ## - Международен стандартен номер на книга ISBN
Международен стандартен номер на книга ISBN 978-954-9535-66-2
040 ## - Източник на каталожния запис
Идентификатор на билиотеката - собственик на записа BLK
041 ## - Код за език
Код за езика на текст/звукозапис или на отделно заглавие Български
Код за езика КДБФ Български
072 #7 - Код за тематичната категория
Код организация bullib
Код за тематична категория Н84
Текст Българска художествена литература Н
080 ## - УДК
Текстов определител УДК Българска литература
УДК код - определител по УДК 821.163.2
УДК определител -32
УДК - код + определител 821.163.2-32
100 1# - Редна дума - Автор
Автор Иванов, Иво
Авторска отговорност първи автор
R(LIN) 374502
139 ## - Редно поле
Редна дума Иванов, Иво
Авторски знак Иванов - И 21
245 10 - Сведения за заглавието
Заглавие Кривата на щастието
Подзаглавни данни За спорта, Вселената и всичко останало...
Редно поле (дума) Иво Иванов.
257 ## - Страна на издаване
Страна на създаване/издаване България
260 ## - Област на издателските данни
Име на издателя, разпространителя и проч. Вакон
Година на издаване 2014
Място на издаване, разпространение и проч. София
300 ## - Физическа характеристика
Страници 516 с.
Размери/Мащаб 21 см
380 ## - Жанр
Жанр Худож. лит.
500 ## - Общи забележки
Забележка Съдържа и за авт.
653 ## - Ключова дума – ненормативна
Ключова дума разкази
659 ## - Тематичен бюлетин
Тематичен бюлетин Н
852 ## - Местоположение
Форматна сигнатура Цб 273490
856 4# - Електронен адрес и достъп
Електронен формат pdf - файл
856 4# - Електронен адрес и достъп
Електронен формат pdf - файл
999 ## - СИСТЕМНИ КОНТРОЛНИ НОМЕРА
Koha biblionumber 165902
Koha biblioitemnumber 165902
942 ## - АРТИКУЛИ
Вид на библиотечния материал Книги
Скрит в OPAC Не
Koha issues (borrowed), all copies 118
944 ## - СЪЗДАВАНЕ И РЕДАКЦИЯ на ЗАПИСА
Създаване/Редакция Създаване
Дата на регистрацията/редакция 27.03.2015
Статус, дата на статуса Цветомила Тодорова
Служител, извършил регистрацията/редакцията 30576
944 ## - СЪЗДАВАНЕ И РЕДАКЦИЯ на ЗАПИСА
Създаване/Редакция Редакция
Дата на регистрацията/редакция 09.03.2016
Статус, дата на статуса ф /
Служител, извършил регистрацията/редакцията Пенка_Димитрова
999 ## - СИСТЕМНИ КОНТРОЛНИ НОМЕРА
Koha biblioitemnumber 165902
Наличности
Код за отписване Код за изгубен артикул Източник на класификационната схема Код за повреда Коз за рестрикции Код за отдаване Артикулен № Име на библиотеката - собственик Име на библиотеката, в която се намира в момента Статус (Текущо местоположение) Дата на вписване в системата Местоположение - отдел Цена в лева Инвентарен номер Систематично азбучна сигнатура Баркод Номер на екземпляра Цена в евро Служебна бележка Служебен тип на артикула
Изтеглен Не е изгубен Universal Decimal Classification Не е повреден без рестрикции заемане за дома 279732 Регионална библиотека "Любен Каравелов" Русе Регионална библиотека "Любен Каравелов" Русе Заемна - подръчен фонд 2015-03-30 Заемна - подръчен фонд 16.00 120000786731 П 886.7-32/И 21 120000786731 1 8.18 Дост: Pk Вид: Ф N: 430 Дата: 24.03.2015 Дата инв: 13.02.2018 Бележки инв: П2018 Книги
  Не е изгубен Universal Decimal Classification Не е повреден без рестрикции ползва се в читалня 279733 Регионална библиотека "Любен Каравелов" Русе Регионална библиотека "Любен Каравелов" Русе Хранилище 2016-03-09 Хранилище 16.00 120000798690 Цб 273490 120000798690 2 8.18 Дост: Dp Вид: Д N: 7 Дата: 01.02.2016 Книги
  Не е изгубен Universal Decimal Classification Не е повреден без рестрикции заемане за дома 676774 Регионална библиотека "Любен Каравелов" Русе Регионална библиотека "Любен Каравелов" Русе Заемна - подръчен фонд 2018-05-22 Заемна - подръчен фонд 11.20 120000820553 П 886.7-32/И 21 120000820553   5.73   Книги
  Не е изгубен Universal Decimal Classification Не е повреден без рестрикции заемане за дома 677547 Регионална библиотека "Любен Каравелов" Русе Регионална библиотека "Любен Каравелов" Русе Дубликат 2018-06-18 Заемна - подръчен фонд 16.00 120000821337 П 886.7-32/И 21 120000821337   8.18   Книги
  Не е изгубен Universal Decimal Classification Не е повреден без рестрикции заемане за дома 686720 Регионална библиотека "Любен Каравелов" Русе Регионална библиотека "Любен Каравелов" Русе Дубликат 2018-12-13 Заемна - подръчен фонд 16.90 120000828513 П 886.7-32/И 21 120000828513   8.64   Книги
  Не е изгубен Universal Decimal Classification Не е повреден без рестрикции заемане за дома 732989 Регионална библиотека "Любен Каравелов" Русе Регионална библиотека "Любен Каравелов" Русе Заемна - подръчен фонд 2019-08-26 Заемна - подръчен фонд 16.00   П 886.7-32/И 21 120000835899   8.18   Книги
  Не е изгубен Universal Decimal Classification Не е повреден без рестрикции заемане за дома 751908 Регионална библиотека "Любен Каравелов" Русе Регионална библиотека "Любен Каравелов" Русе Заемна - подръчен фонд 2019-12-12 Заемна - подръчен фонд 11.20   П 886.7-32/И 21 120000839944   5.73   Книги
  Не е изгубен Universal Decimal Classification Не е повреден без рестрикции заемане за дома 751909 Регионална библиотека "Любен Каравелов" Русе Регионална библиотека "Любен Каравелов" Русе Заемна - подръчен фонд 2019-12-12 Заемна - подръчен фонд 11.20   П 886.7-32/И 21 120000839945   5.73   Книги
Vip Innovations Ltd, Rousse, Bulgaria 2025